UM Logo

Money, credit and banking/ (Record no. 1098)

MARC details
000 -LEADER
fixed length control field 00553nam a22001817a 4500
008 - FIXED-LENGTH DATA ELEMENTS--GENERAL INFORMATION
fixed length control field 160218b xxu||||| |||| 00| 0 eng d
020 ## - INTERNATIONAL STANDARD BOOK NUMBER
International Standard Book Number 9789712354885
082 ## - DEWEY DECIMAL CLASSIFICATION NUMBER
Edition number 2010
Classification number DFil 332
Item number P14
100 ## - MAIN ENTRY--PERSONAL NAME
9 (RLIN) 3032
Personal name Pagoso, Cristobal M.
245 ## - TITLE STATEMENT
Title Money, credit and banking/
Statement of responsibility, etc. Cristobal M. Pagoso
260 ## - PUBLICATION, DISTRIBUTION, ETC. (IMPRINT)
Place of publication, distribution, etc. Manila, Philippines:
Name of publisher, distributor, etc. Rex Book Store,
Date of publication, distribution, etc. c2010.
300 ## - PHYSICAL DESCRIPTION
Extent viii, 263 pages:
Other physical details illustrations;
Dimensions 25 cm.
650 #0 - SUBJECT ADDED ENTRY--TOPICAL TERM
9 (RLIN) 3033
Topical term or geographic name as entry element Finance
650 #0 - SUBJECT ADDED ENTRY--TOPICAL TERM
9 (RLIN) 3034
Topical term or geographic name as entry element Financial economics
650 #0 - SUBJECT ADDED ENTRY--TOPICAL TERM
9 (RLIN) 3035
Topical term or geographic name as entry element Money
365 ## - TRADE PRICE
Price amount 638.00
Currency code Php.
942 ## - ADDED ENTRY ELEMENTS (KOHA)
Source of classification or shelving scheme Dewey Decimal Classification
Koha item type Filipiniana
Holdings
Withdrawn status Lost status Source of classification or shelving scheme Damaged status Not for loan Collection code Home library Current library Date acquired Source of acquisition Total Checkouts Full call number Barcode Date last seen Copy number Price effective from Koha item type
    Dewey Decimal Classification     Filipiniana UM Digos College - LIC UM Digos College - LIC 09/24/2010 Purchased   DFil 332 P14 2010 20943 05/15/2025 1 02/18/2016 Filipiniana